00553nam a22002057a 450000500170000001000130001702000100003003500130004003700160005304000120006908200150008124500790009624600060017526000400018127000290022130000330025065000270028365000130031070000240032320170124110223.0 aA-113720 c00.00 aA-113720 bCen Lib/Ret aDPLbEN a481.8bCYC aCyclopaedia of initials and abbreviations /ccompiled by F. Dubrez Fawcett b  bBusiness Publicationsc1963aLondon bLondona180 Fleet Street aviii,185p. :c22cm(Hb)bill. aAbbreviations, English aAcronyms aFawcett, F. Dubrez